| 000 | 00386nam a2200145 a 4500 | ||
|---|---|---|---|
| 001 | 2321 | ||
| 003 | CDMR | ||
| 005 | 20130116135228.0 | ||
| 008 | 130130s1986||||||||||||||||||||||||||||d | ||
| 040 |
_aCDMR _bcat _cCPC GIRONA |
||
| 100 | 1 |
_aVila, Pep _91738 |
|
| 245 | 1 | 3 |
_aLa renaixença a Girona _bAntologia de textos i documents _cVila, Pep |
| 260 |
_c1986 _bDiputació de Girona |
||
| 942 | _cMON | ||
| 999 |
_c2321 _d2321 |
||